[Event "FIDE World Cup-C (Women)"]
[Site "Shenyang"]
[Date "2000.09.01"]
[Round "1"]
[White "Cramling, Pia"]
[Black "Chiburdanidze, Maia"]
[Result "1-0"]
[WhiteElo "2484"]
[BlackElo "2545"]
[Annotator "Golod,V"]
[PlyCount "175"]
[EventDate "2000.09.01"]
[EventType "tourn"]
[EventRounds "5"]
[EventCountry "CHN"]
[EventCategory "7"]
[SourceTitle "CBM 079"]
[Source "ChessBase"]
[SourceDate "2000.11.21"]
[SourceVersion "1"]
[SourceVersionDate "2000.11.21"]
[SourceQuality "1"]

1. d4 Nf6 2. c4 e6 3. Nc3 Bb4 4. Qc2 c5 5. dxc5 Na6 6. a3 Bxc3+ 7. Qxc3 Nxc5 8.
b4 Nce4 9. Qb2 {Besides,white has two options:} (9. Qc2 $5 {See comments to
games: Dao Thien Hai-Antonio,R/ Yangon,1998/CBM 69(0-1)  (Golod,V)(28) and
Sjoberg,M-Brynell,S/ Stockholm,1999/CBM 73(1/2-1/2)(Golod,V)(46)}) (9. Qd4 $5 {
You can see comments to Ionov,S-Aseev,K/ St.Petersburg,1997/CBM 58(0-1) 
(Ftacnik,L) (27)}) 9... Nd6 {On my opinion this idea is pretty dubious and was
made by Tsesarsky,Ilya for first time.} (9... d5 $5 {It's main line.}) 10. c5
$1 (10. Qb3 $143 {You can see comments to Soffer,R-Tsesarsky,I/PetahTiqwa,1998/
CBM 63 (1-0)(Tsesarsky,I)(50)}) 10... Nc4 $6 {I don't think it's a good spot
for the black's knight.It would be better to:} (10... Nf5 11. g4 $5 (11. g3 d6
12. cxd6 Qxd6 13. Bg2 e5 14. Nf3 e4 15. Bf4 $14 {Ballo,E-Florea,D/Apolda,1997
(1/2-1/2)(30)}) 11... Nxg4 12. e4 {[%csl Rg7][%cal Yf5g7]} O-O $2 (12... Ne7
$142 13. Qxg7 Rg8 14. Qb2 (14. Qxh7 Nf6 15. Qh4 Ng6 16. Qg5 Nxe4 17. Qxd8+ Kxd8
18. Bg2 {+/=/=}) 14... d6 15. Nf3 $14) 13. exf5 exf5 14. Bf4 Re8+ 15. Ne2 $18 {
Pedersen,D-Jakobsen,L/Aarhus,1999(1-0) (41)}) 11. Qc3 b5 $146 {Pretty dubious
novelty of Maia Chiburdanidze.} (11... d5 $142 {See comments Kharlov,A-Aseev,K/
Moscow, 1999/CBM 75(1-0)(Golod,V)(22)}) 12. e4 {()} Bb7 ({Badly:} 12... Nxe4 {
because of:} 13. Qxg7 $140 Qf6 14. Qxf6 Nxf6 15. a4 $1 {[%csl Yb5,Rc4]} Ba6 16.
Nf3 {[%csl Ga1,Ya6,Rb5,Rc4,Gf1][%cal Gf3d4]} bxa4 (16... d5 $143 17. axb5 Bxb5
18. Nd4 {+/-/+-}) 17. Nd4 {[%csl Ya6,Rc4][%cal Gb4b5]} d5 18. Rxa4 Bc8 $16) 13.
Bxc4 bxc4 14. f3 {[%csl Yf3][%cal Yf3e4]} d6 $6 ({Also weakly:} 14... O-O $6
15. Bf4 $16) ({Undoubtedly,much better is:} 14... d5 $5 15. e5 (15. cxd6 $2
Qxd6 16. e5 Nd5 17. exd6 Nxc3 $11) 15... Nd7 16. Ne2 {with big pozitional
advantage of white.}) 15. Be3 $16 O-O {Inexplicable sacrifice of pawn "d6".} ({
More stubborn resistance after:} 15... d5 16. e5 Ng4 $5 17. Bd4 (17. fxg4 $2 d4
$13 {[%csl Rc3,Re3,Rg2][%cal Gb7g2,Gd4c3,Gd4e3]}) 17... Nh6 18. Ne2 $16) 16.
Ne2 $2 {It is incomprehensible,why not take a pawn"d6"?:} (16. cxd6 {(/\17.Rd1
or 17.Bc5)} e5 (16... Qxd6 17. Bc5 $18 {[%csl Rf8]}) (16... Bxe4 17. fxe4 Nxe4
18. Qe5 $1 $18 Nxd6 $140 $2 19. O-O-O {[%csl Rd6]}) 17. Rd1 $18) 16... dxc5 17.
Bxc5 Re8 18. Rd1 (18. Qxc4 Nd7 19. Rd1 Qc7 20. O-O a5 {-transfer to 18.Rd1})
18... Qc7 19. O-O $6 {Again mistake.} ({Good enough:} 19. Bd6 Qb6 (19... Qc6
$143 20. Be5 Nd7 $140 $2 21. Bxg7 e5 22. Bh6 $18 {[%csl Rd7]}) 20. Be5 {
[%csl Gc3,Ge5,Rf6,Rg7]} Red8 21. Bd4 Qa6 22. O-O Ne8 23. Bc5 {+/=/+/-}) 19...
Nd7 {[%csl Rc5]} (19... a5 $144 20. Qxc4 Nd7 {-transfer to 19...Nd7}) 20. Qxc4
a5 21. Rc1 Ba6 22. Qc2 {[%csl Yc2,Re2][%cal Yc2e2]} ({Weakly:} 22. b5 {because
of:} Rec8 23. bxa6 Nxc5 24. Rfd1 Qb6 {+/=/=}) 22... axb4 23. axb4 Nxc5 24. bxc5
({Interestingly at first:} 24. Rfd1) 24... Rec8 $6 {After this inaccuracy,
white has a next (25.Rfd1) useful move.} ({Unconditionally, much better is:} 
24... Bb5 25. Rf2 (25. Rfe1 e5 {[%csl Ye5][%cal Ye5d4]}) 25... e5 $14 {[%csl
Ye5][%cal Ye5d4,Ye5f4]} (25... Ra4 $5)) 25. Rfd1 Bb5 26. Rd4 {[%csl Yd4][%cal
Yd4a4]} Ra5 ({In my opinion again a little better is:} 26... e5 $5 27. Rd5 (27.
Rb4 $2 Qa5 $11 {[%csl Ga5,Rc5,Gc8,Re2]}) 27... Bc6 28. Rd6 Ra5 29. Qc3 $14) 27.
Ng3 g6 {Not obligatory,prophylactic move.} (27... e5 $142 $5) 28. Qd2 {[%csl
Rg8]} e5 ({It deserves attention:} 28... Be8 $5 29. Rdc4 Rd8 $14) 29. Rd5 Bc6 (
{Inaccurate transfer of black's rook in <->a:} 29... Rca8 {in view of:} 30. Qb2
{[%csl Re5][%cal Yb2a1,Gb2e5]} f6 31. Rd6 $16 {[%csl Rf6,Rg8]}) 30. Rd3 Bb5 31.
Rd5 {Sometimes it is desirable to repeat the moves.} Bc6 32. Rd3 Bb5 33. Rdc3
Rd8 34. Qf2 (34. Qg5 $143 Ra2 {[%csl Rg2][%cal Gd8d2]}) 34... Qa7 35. c6 Qxf2+
(35... Qc7 $6 36. Rc5 {[%csl Ra5,Gc5][%cal Gc5a5]}) 36. Kxf2 Ra2+ 37. R1c2
Rxc2+ 38. Rxc2 {[%mdl 4096]} Kf8 39. Rc5 Ba4 40. Ne2 Rc8 41. c7 Ke7 ({Loses
right away:} 41... f6 $4 {because of:} 42. Nc3 Bb3 (42... Be8 43. Nd5 $18 {
[%csl Gc7][%cal Gd5b6]}) 43. Nb5 $18 {[%csl Gc7][%cal Gb5a7,Gb5d6]}) 42. Rxe5+
Kd6 43. Rd5+ Kxc7 44. Rc5+ Kd7 45. Rxc8 Kxc8 {KN+PPPP/KB+PPP} 46. Nc3 $14 Bb3
47. Ke3 Kd7 48. Kd4 Ke6 49. f4 h5 {Against advance g2-g4.From my point of view
it's not obligatory pawns move.} ({Probably,better is:} 49... f6) 50. Nb5 Bc2
51. Nc7+ Kd6 52. Na6 Bb1 53. Nb4 Ke6 54. g3 Kd6 55. Nd5 Ke6 56. Nc3 Bc2 57. Kc5
Bd3 58. Kd4 Bc2 59. Na2 Bb1 60. Nc1 Kd6 61. Nd3 Ke6 62. Ne1 Kd6 (62... f6 $5)
63. Nf3 Ke6 64. Nd2 Bc2 65. Kc3 Bd1 66. Kd3 Kd6 67. Nc4+ Ke6 68. Ne3 Bb3 69.
Kd4 Kf6 70. h3 Ba2 71. h4 Bb1 ({Can be recommended:} 71... Ke6 $5 72. f5+ $140
gxf5 73. Nxf5 (73. exf5+ Kf6) 73... Kf6 74. Ke3 Ke5 75. Ng7 Bb1 76. Nxh5 Bxe4 {
and black has a good chance for draw.}) 72. Nd5+ Ke6 $6 (72... Kg7 $5) 73. f5+
$1 gxf5 $8 (73... Kd7 $2 74. fxg6 fxg6 75. Ke5 Ke8 76. Kf6 $1 Bxe4 77. Nf4 $18
{[%csl Rg6,Rh5]}) 74. Nf4+ Kf6 75. e5+ Kg7 76. Nxh5+ Kg6 77. Nf4+ Kg7 78. Kd5 {
[%cal Gd5d6,Gd6e7]} Ba2+ 79. Kd6 Bb3 ({Slightly perilously:} 79... Kf8 80. Ne2
{[%cal Ge2d4]} Bc4 $6 (80... Kg7 $142) 81. Nd4 Bd3 82. e6 fxe6 83. Kxe6 Kg7 84.
Nxf5+ Kg6 85. g4 {[%cal Ge6e5,Ge5f4]} Be2 86. Ne7+ Kh6 87. Kf5 $18) 80. Ke7 Ba2
81. Nh5+ Kg6 82. Nf6 Kg7 $2 {Decisive mistake! It is necessary:} (82... Bb3 83.
Ne8 Kh5 84. Nd6 Kg4 $8 (84... f4 $2 85. gxf4 Kxh4 86. Kf6 Kg4 87. f5 Bc2 (87...
Kf4 88. Nxf7 $18) 88. Kxf7 $18 (88. Nxf7 $5 Bxf5 $140 89. Nh6+)) 85. Kf6 $1 (
85. Nxf7 $2 Kxg3 86. h5 f4 $1 (86... Bxf7 $2 87. Kxf7 f4 88. h6 f3 89. h7 f2
90. h8=Q f1=Q+ 91. Qf6 $16 {Q_|_}) 87. Ng5 Kg4 88. h6 Bc2 89. Kf6 Kh5 $11 {
[%csl Rh6]}) 85... Kxg3 (85... Bc2 $2 86. Nxf7 Kxg3 87. h5 f4 88. Ng5 $18 {
[%csl Ge5,Yg5,Gh5]}) 86. h5 f4 $1 (86... Bc2 $2 87. Nxf5+ Kf4 (87... Kg4 $2 88.
Ne3+ {[%csl Rc2,Rg4]}) 88. Nd6 $18 {[%csl Ge5,Rf7,Gh5][%cal Gd6f7]}) 87. Ne4+
Kf3 88. Nd2+ (88. h6 $144 Kxe4 89. h7 f3 90. h8=Q f2 91. Qh1+ Kf4 {with good
chance for draw.} 92. Qf1 Kg3 93. Kg5 Bd5 94. Qd3+ Bf3 95. Kf5 Kg2 96. Qd2)
88... Ke3 89. h6 (89. Nxb3 $4 f3 {[%csl Gf3,Rf6]} 90. h6 f2 91. h7 f1=Q+) 89...
Kxd2 $1 (89... Bc2 $2 90. Nf1+ Kd4 (90... Kf2 91. Kxf7 Kxf1 92. e6 f3 93. e7 f2
94. e8=Q Kg2 95. Qc6+ $18 {[%csl Gh6]}) 91. Nh2 {[%cal Yh2g4,Yg4e5,Gf6f7]} Bd3
92. Ng4 $18) 90. h7 f3 91. h8=Q f2 {with good chance for draw.}) 83. Ne8+ Kg6
84. Nd6 Bb3 ({Also loses:} 84... Kh5 85. Kf6 Kg4 86. Nxf5 Bb1 87. Nd6 Kxg3 88.
h5 Kg4 89. h6 Kh5 90. Nxf7 $18 {[%csl Yf7][%cal Ge5e6,Yf7h6]}) 85. Nxf7 $1 $18
{[%mdl 64] Refined tactical blow!} Kh5 (85... Bxf7 86. h5+ Kg7 87. h6+ Kg8 88.
h7+ Kg7 89. h8=Q+ Kxh8 90. Kxf7) 86. Kf6 Kg4 87. e6 Ba4 (87... Bxe6 88. Kxe6
Kxg3 (88... f4 89. gxf4 Kxf4 90. h5) 89. h5 f4 90. Ne5) 88. Ne5+ {Please pay
your attention to the fantastic work of the white knigth.} (88. Ne5+ Kxg3 89.
h5 f4 90. h6 f3 91. Nxf3 Kxf3 92. h7 $18) 1-0

[Event "Olympiad-34"]
[Site "Istanbul"]
[Date "2000.11.10"]
[Round "13.1"]
[White "Shirov, Alexei"]
[Black "Bauer, Christian"]
[Result "1-0"]
[WhiteElo "2746"]
[BlackElo "2562"]
[Annotator "Golod,V"]
[PlyCount "79"]
[EventDate "2000.10.28"]
[EventType "team-swiss"]
[EventRounds "14"]
[EventCountry "TUR"]
[SourceTitle "EXT 2001"]
[Source "ChessBase"]
[SourceDate "2000.11.22"]
[SourceVersion "1"]
[SourceVersionDate "2000.11.22"]
[SourceQuality "1"]
[WhiteTeam "Spain"]
[BlackTeam "France"]
[WhiteTeamCountry "ESP"]
[BlackTeamCountry "FRA"]

1. d4 Nf6 2. c4 e6 3. Nc3 Bb4 4. Qc2 c5 5. dxc5 Na6 6. a3 Qa5 {From my point
of view this idea hardly brings black equal game.} (6... Bxc3+ $5 {See
comments to Cramling,P-Chiburdanidze,M/Shenyang, 2000/CBM 79 (1-0)(Golod,V)(88)
}) (6... Bxc5 $6 {Inexplicable "computer" move, absolutely illogical after: 5..
.Na6.See comments to Golod,V-Shredder 4/ISR,2000(1/2-1/2) (Golod,V)(86)}) 7.
Bd2 Nxc5 8. O-O-O $5 {Rather rare course,but nevertheless deserving steadfast
attention.} ({Was checked in the previous games:} 8. Rc1) (8. Rb1) (8. Rd1) (8.
e3 $5 Bxc3 9. Bxc3 Qa4 10. O-O-O Qxc2+ 11. Kxc2 Ng4 12. Nh3 e5 13. Be2 $14 {
Gershon,A-Rechlis,G/ISR,1999(1-0)(39)}) ({and} 8. f3 $5 Bxc3 9. Bxc3 Qa4 10.
Qxa4 Nxa4 11. Bd4 b6 12. e4 d6 13. O-O-O e5 14. Be3 Ke7 15. Ne2 h6 16. b3 Nc5
17. Kb2 Be6 18. Nc3 $14 {Azmaiparashvili,Z-Pigusov,E/Neum,2000 (1-0)(42)}) 8...
Bxc3 $8 9. Bxc3 Qa4 {Now black doomed on protection of the worse position.It
was necessary to keep a voltage:} (9... Qc7 $5) ({or} 9... Qb6) 10. Qxa4 Nxa4
11. Be5 $5 {[%mdl 32]} ({Certainly it is worse:} 11. Bd4 b6 12. f3 Ke7 13. Be5
{(loss of tempo)} Ne8 14. b3 d6 15. Ba1 Nc5 {+/=/= Kort,J-Ortega,L/Montecatini
Terme,1997 (0-1)(35)}) 11... b6 $146 ({Badly:} 11... d5 {because of:} 12. Bxf6
gxf6 13. cxd5 exd5 14. e4 $1 $16 {[%csl Ra4,Re8] Kramnik,V-Campora,D/
Villarrobledo,1998 (1-0)(46)}) 12. f3 $14 {[%cal Ge2e4]} Ke7 $5 ({Does not
equalize game:} 12... Ba6 13. e4 Rc8 14. b3 Nc5 15. Kb2 $14) 13. Bd6+ $140 Kd8
{[%cal Gf6e8]} 14. e4 Ne8 15. Bg3 Ke7 {The black king is on a point"e7",but
strong bishop"g3"(which does not have opponent) and also better pawns chain,
will define always advantage of white.} 16. b3 Nc5 17. b4 Na4 18. Kc2 {[%csl
Ra4][%cal Gc2b3]} d6 19. Kb3 Bd7 20. e5 $1 d5 ({Weakly:} 20... dxe5 $2 {
in view of:} 21. Rxd7+ Kxd7 22. Kxa4 f6 23. Bd3) 21. cxd5 exd5 22. Ba6 $1 {
[%csl Ra8,Rd5][%cal Ga6b7]} Nc7 $140 23. e6 $1 {[%csl Rc7] Graceful tactics!}
Nxe6 ({Much worse is:} 23... Nxa6 $2 24. exd7 b5 25. Rxd5 $18) 24. Rxd5 {
[%csl Yd7][%cal Gd5d7,Yd7a4]} Bc6 $6 ({Can be recommended:} 24... Nac5+ 25.
bxc5 Nxc5+ 26. Rxc5 bxc5 {+/=/+/-}) 25. Bd6+ Kf6 26. Be5+ Ke7 27. Bd6+ {
Sometimes it is desirable to repeat the moves.} Kf6 28. Rd2 $16 Rhd8 29. Ne2 b5
$2 ({It was already necessary:} 29... Nac5+ 30. bxc5 Nxc5+ 31. Bxc5 Rxd2 32.
Bd4+ Kg6 33. Rc1 $16) 30. Rc1 Be8 31. Rdd1 Nb6 ({After:} 31... Rd7 {white win
a pawn"b5":} 32. Ng3 (32. Bxb5 $143 Rxd6 33. Bxa4 Bxa4+ 34. Kxa4 Rad8 $16)
32... Nb6 33. Ne4+ Kg6 34. Bxb5) 32. Bb7 {[%csl Ra8]} Nc4 33. Bxa8 Rxa8 34. Nc3
$18 {The rest is the matter of technics.} Kg6 35. Nxb5 $1 {The absolutely
correct technical decision.} Bxb5 36. Rxc4 Bxc4+ 37. Kxc4 Rc8+ 38. Kb5 {
[%csl Ga3,Ra7,Gb4][%cal Gb5a6]} Rc2 39. Ka6 Rxg2 (39... Nc7+ 40. Bxc7 Rxc7 41.
a4 $18 {[%csl Ga4,Gb4][%cal Gb4b5,Ga4a5,Gb5b6]}) 40. Kxa7 {[%csl Gb4][%cal
Gb4b5,Gb5b6,Gb6b7,Gb7b8]} 1-0

[Event "American Continental 2nd"]
[Site "Buenos Aires"]
[Date "2003.08.21"]
[Round "4"]
[White "Lafuente, Pablo"]
[Black "Bruzon Batista, Lazaro"]
[Result "1-0"]
[WhiteElo "2431"]
[BlackElo "2614"]
[Annotator "Golod,V"]
[PlyCount "97"]
[EventDate "2003.08.17"]
[EventType "swiss"]
[EventRounds "11"]
[EventCountry "ARG"]
[SourceTitle "CBM 097"]
[Source "ChessBase"]
[SourceDate "2003.11.11"]
[SourceVersion "1"]
[SourceVersionDate "2003.11.11"]
[SourceQuality "1"]

1. d4 Nf6 2. c4 e6 3. Nc3 Bb4 4. Qc2 c5 5. dxc5 Qc7 6. Nf3 Bxc5 7. g3 Qb6 8. e3
Be7 9. Bg2 {Comments to this part of the game(5-8 moves) and also:} (9. b3 {
You can find in annotations to game: Alterman,B-Yudasin,L/ISR,2000/CBM 77(0-1)
(Golod,V)(40)}) 9... a6 $5 {/\Qc7,b6 and Bb7} ({A little prematurely:} 9... d6
{See comments to Arlandi,E-Naiditsch,A/Istanbul,2003/CBM 96(1-0)(Golod,V)(32)})
10. O-O Qc7 11. b3 b6 ({On:} 11... d6 {you can find three games}) ({and after:
} 11... O-O {you can find only two games in Mega Database 2003.}) 12. Nd4 $146
{From my point of view,it is strange idea, because the Black's bishop has time
to get on a /^a8-h1. The game,which have reached this position were continued
as follows:} (12. Bb2 $5 Bb7 13. Rac1 d6 14. Rfd1 Nbd7 15. Qe2 Rc8 $11 {
Matveeva,S-Khurtsidze,N/Istanbul,2003(1/2-1/2)(38)}) 12... Bb7 13. f4 {[%cal
Yc2g2] The pleased doubtful decision,but White still has a equality.} O-O ({
It was weakly:} 13... Nc6 $6 {because of:} 14. Nd5 $1 {[%csl Rc7]} exd5 (14...
Qd8 $6 15. Nxe7 Qxe7 (15... Nxd4 16. exd4 Bxg2 17. Qxg2 {[%csl Ra8]} Kxe7 $8
18. f5 $36) 16. Qd2 $14 {[%cal Gc1b2]}) 15. cxd5 O-O (15... Nxd5 $143 16. Bxd5
O-O (16... Qd6 17. Qe4 $36 {[%cal Gd4f5,Gc1b2]}) 17. Bb2 $14) 16. dxc6 dxc6 17.
Nf5 (17. Nxc6 $2 Rac8 18. Nxe7+ $8 Qxe7 19. Qe2 Bxg2 20. Qxg2 Rfd8 $36 {
[%csl Gc8,Gd8,Ge7]}) 17... c5 18. e4 {+/=/=}) 14. Bb2 Rc8 $4 {The not
compelled and inexplicable tactical miscalculation.} ({Leads to absolutely
equality:} 14... Bxg2 $5 15. Qxg2 Nc6 $11) {[%tqu "En","?Black's last move was
a blunder.How can White exploit it.","","","d4b5","",10]} 15. Ndb5 $1 $16 {
[%csl Gb5,Rb7,Rc7,Gg2][%cal Gb5c7,Yc7b7,Gg2b7]} (15. Ncb5 $144) 15... axb5 16.
Nxb5 Qc6 $2 {Absolutely unjustified sacrifice of the queen.} ({Also leads to
hopeless position:} 16... Qc5 $2 17. Bxb7 $1 {[%csl Ra8,Rc8]} (17. Bd4 $2 Bxg2
$1 18. Bxc5 $140 (18. Qxg2 $4 Qc6 $19) 18... Be4 {[%csl Rc2,Rc5]} 19. Qxe4 (19.
Qd2 $2 Bxc5 $13) 19... Nxe4 20. Bxe7 Nc6 21. Bd6 Na7 {[%csl Yb5,Rd6][%cal
Ga7b5,Yb5d6]} 22. Nxa7 Rxa7 23. Rfd1 $16) 17... Qxe3+ 18. Qf2 Qxf2+ (18... Bc5
$143 19. Bxa8 {[%cal Yb2d4]}) (18... Qd3 $143 19. Rad1 {[%csl Ra8][%cal Gb7a8,
Yb2d4]}) 19. Rxf2 $18 {[%csl Ra8,Rc8]}) (16... Qd8 $2 17. Bxb7 $18 {[%csl Ra8,
Rc8]}) ({It was necessary:} 16... Bxg2 $1 17. Nxc7 {[%csl Ra8,Rg2]} Be4 $8 18.
Qxe4 (18. Nxa8 $6 Bxc2 19. Nxb6 Rc6 $14) 18... Nxe4 19. Nxa8 Bd8 {[%csl Ra8,
Gc8,Yd8][%cal Yd8b6,Gb8c6]} (19... Bc5 $2 20. Bd4 {[%csl Rb6]} Rc6 21. a4 $18 {
[%cal Ga4a5]}) 20. Bd4 (20. Rfd1 $5 Nc6 21. Nxb6 Bxb6 22. Rxd7 Bxe3+ 23. Kg2
$16 {[%csl Ga2,Gb3,Gc4]}) 20... Nc5 21. Nxb6 Bxb6 22. b4 Na4 23. c5 Bd8 24.
Rab1 $16 {[%csl Ra4][%cal Gb1b3,Gb3a3,Ga3a4]}) 17. Bxc6 Bxc6 ({Hardly it was
better:} 17... Nxc6 18. Qd2 (18. a3 $143 d5 {[%csl Rc2]}) 18... d5 19. Bxf6 $1
Bxf6 $140 20. Nd6 $18 {[%csl Rb7,Rc8]}) 18. Qe2 $18 {[%csl Yb8,Yc6,Ge2] White
has a absolutely winning position,but for realization of material advantage(Q/
BN) is required the certain time.} Ne4 19. Bd4 {Paoblo Lafuente correctly does
not play right away "Nc3".} Ra6 20. Nc3 f5 {[%csl Yd7,Ye6,Yf5] Black begin to
build a "fortress".} 21. Rfd1 Nxc3 22. Bxc3 Ra7 {[%cal Ya7b7] It is necessary
to improve an location of the rook.} 23. Bd4 Rb7 24. Qb2 {/^a1-h8(קg7). Pablo
continue to play without the concrete plan,but all the same he advance to a
victory.} Bf8 25. Be5 {[%csl Ge5,Yf8][%cal Ge5d6]} g6 {Black correctly avoid
exchange of the bishops.} 26. b4 Ba4 ({Probably,it was a little better:} 26...
Be4 $5 27. Rac1 Nc6 28. Bd6 Bg7 29. Qd2 Ra7 {[%csl Ye4,Gg7] <->a}) 27. Rdc1 Nc6
28. Bc3 Nd8 29. Qe2 Bc6 ({Leads to favourable simplifications for White:} 29...
Rbc7 30. Bd4 $5 Bxb4 $140 31. Rab1 Bc5 32. Bxc5 bxc5 33. Rb6 {[%cal Yc1b1,
Ye2d2]}) 30. Qd2 Nf7 31. a4 {At last,White begin active actions.} Be4 32. Bb2
Rbc7 33. a5 {It is necessary to open even one line,differently,it will be not
simple to win this game.} bxa5 34. bxa5 {[%cal Ga5a6] <->b} d6 35. a6 e5 {
[%csl Rb2,Yd6,Ye5]} 36. Ra4 Ba8 37. Ba3 g5 38. Kf2 {[%csl Rg8] <->g This move
is directed against 38...gxf4} Be7 39. Rb1 Be4 40. a7 $1 {[%csl Ga7][%cal
Gb1b8] For simplification of a position White decide to sacrifice "Pa".} Bxb1 (
{Much worse is:} 40... Bf8 $2 41. Rb8 Rxa7 (41... Ba8 42. Qa5 {[%csl Ra8,Yc8]
[%cal Ga5c7,Gb8a8]}) 42. Rxc8 Rxa4 43. Bxd6 Ra8 44. Rxa8 Bxa8 45. Bxf8 Kxf8 46.
Qd7 $18) 41. a8=Q Rxa8 42. Rxa8+ Kg7 43. c5 $1 {[%csl Ya3,Rg7][%cal Ya3b2] It
is necessary to open a /^ a1-h8 for White's bishop.} dxc5 44. fxe5 Be4 (44...
Nxe5 $2 {is refuted by:} 45. Qb2 {[%csl Rb1,Gb2,Re5][%cal Gb2b1,Gb2e5]}) 45.
Ra6 g4 ({Impossibly:} 45... Nxe5 {because of:} 46. Bb2 Bf6 $8 47. Rxf6 $1 Ng4+
(47... Kxf6 $2 48. Qd6+ {[%csl Rc7,Re5,Rf6]}) 48. Kg1 Nxf6 49. Bxf6+ {[%csl
Rc7,Rg7][%cal Gd2d6]}) 46. Qa5 Rc8 (46... Rb7 47. Ra7 {[%csl Re7]}) 47. Ra7 Kf8
48. Qa6 {[%csl Rc8][%cal Ga6c8] White have broken through a defense of the
contender.} Rc6 {Black can not find protection against numerous threats:} (
48... Re8 49. Rxe7 $1 Kxe7 (49... Rxe7 50. Bxc5) 50. Qf6+ {[%csl Re7,Rf7]} Kf8
$140 51. e6) (48... Rb8 49. Rxe7 $1 Kxe7 50. Bxc5+ {[%csl Rf7]} Kd8 (50... Ke8
51. Qe6+) (50... Kd7 51. e6+) 51. Qf6+) (48... Rd8 49. Rxe7 $1 Kxe7 (49... Rd2+
50. Ke1) 50. Bxc5+ {[%csl Rf7][%cal Ge5e6,Ga6e6]}) 49. Qb7 ({Further
resistance is impossible:} 49. Qb7 {[%csl Re7,Rf7]} Re6 50. Qc8+ Nd8 51. Bxc5)
1-0